000 00962nam a2200241 a 4500
001 44824
003 BD-RjUL
005 20211209053926.0
008 160720s1977 bg a|||| |||| 00| 0 ben d
035 _a(BD-RjUL)44942
040 _aBD-RjUL
_beng
_cBD-RjUL
041 _aeng
082 _223
_a330
_bHAA 1977
100 _aহক, মোহাম্মদ লুৎফুল
_9117379
245 1 0 _aআধুনিক অর্থনীতি /
_cমোহাম্মদ লুৎফুল হক ও মোস্তাফিজুর রহমান
250 _a৯ম সং.
260 _aঢাকা :
_bবাংলাদেশ বুক করপোরেশন লিঃ,
_c১৯৭৭
300 _axix, ৩৭০ পৃ. :
_bচিত্র ;
_c২৩ সেমি.
650 _aঅর্থনীতি
_9117038
650 _aEconomics
_9117380
700 _aরহমান, মোস্তাফিজুর
_9117383
942 _2ddc
_cBK
_04
999 _c44824
_d44824